| 000 | 00764nam a2200229 a 4500 | ||
|---|---|---|---|
| 999 |
_c11266 _d11266 |
||
| 001 | 11266 | ||
| 003 | BD-JhCC | ||
| 005 | 20190915082353.0 | ||
| 008 | 190620s 2018bg a|||| ||a| 000 0 ben d | ||
| 020 | _a9789848072042 | ||
| 035 | _a(BD-JhCC)11266 | ||
| 040 |
_aBD-JhCC _dBD-JhCC |
||
| 041 | _aben | ||
| 082 |
_bSAR 2018 _a891.4435 |
||
| 100 | _aসরকার, রণজিৎ | ||
| 245 |
_aভাষাশহিদ ও বীরশ্রেষ্ঠদের গল্প / _cরণজিৎ সরকার । |
||
| 260 |
_aঢাকা: _bঅধ্যয়ন প্রকাশনী; _c২০১৮. |
||
| 300 |
_a১২২ পৃ. : _bill; _c২২ সেমি. |
||
| 650 | _aHistorical Short story | ||
| 942 |
_2ddc _cBK |
||